000 00741nam a2200277Ia 4500
001 Para_1882
003 CHAP
008 220125s1950 xx 000 0 und d
010 _a198743
040 _cCHAP
082 _aPA 632.7 E2
100 _aEbeling, Walter
_935025
245 _aSubtropical entomology /
_c by Walter Ebeling
260 _aSan Francisco, Calif. :
_b Lithotype process
300 _a747 p.
650 _aAgricultura
_x plagas
_91764
650 _aEntomología económica
_937145
650 _aFitopatología
_941161
901 _aPA 632.7 E2
902 _aA
905 _a0000001950 a 0000000000 00
910 _a1950
942 _cPARA
942 _cPARA
_d1
999 _c198743
_d198743